| 000 | 00859nam a22001937a 4500 | ||
|---|---|---|---|
| 999 |
_c12728 _d12728 |
||
| 003 | AR-CdUCM | ||
| 008 | 190410b ||||| |||| 00| 0 spa d | ||
| 040 |
_aMUNICIPALIDAD PROVINCIAL DEL CUSCO _cBIBLIOTECA MUNICIPAL DEL CUSCO |
||
| 082 |
_a985.064 / _bP26 |
||
| 100 |
_aParedes Pando, Oscar _914521 |
||
| 245 | _aApuntes y extractos del libro de cartas y borradores sobre la real universidad del Cusco 1694-1699 / | ||
| 260 |
_aCusco : _bUniversidad Nacional de San Antonio Abad del Cusco _c2006. |
||
| 300 |
_a136 paginas ; _c21 cm. |
||
| 505 | _aContenido :Apuntes y extractos del libro de cartas y borradores sobre la real universidad del Cusco 1694-1699 --Reseña histórica de las instituciones universitarias del Cusco / | ||
| 650 |
_aGobierno universitario _930745 |
||
| 650 |
_aGestion _922604 |
||
| 942 |
_2ddc _cLIBROS |
||
| 945 |
_arjall _d2019-04-10 |
||